Egipto : (Record no. 29001)

MARC details
000 -LEADER
campo de control de longitud fija 00636nam a22002297a 4500
001 - NÚMERO DE CONTROL
campo de control 00028948
005 - FECHA Y HORA DE LA ÚLTIMA TRANSACCIÓN
campo de control 20260429082638.0
008 - DATOS DE LONGITUD FIJA--INFORMACIÓN GENERAL
campo de control de longitud fija 260429b ag ||||| |||| 00| 0 spa d
020 ## - NÚMERO INTERNACIONAL ESTÁNDAR DEL LIBRO
Número Internacional Estándar del Libro 847583356
040 ## - FUENTE DE CATALOGACIÓN
Centro catalogador/agencia de origen AR-CcCEOS
Lengua de catalogación Español; Castellano
Centro/agencia transcriptor AR-CcCEOS
041 ## - CÓDIGO DE IDIOMA
Código de lengua del texto/banda sonora o título independiente Español; Castellano
080 ## - NÚMERO DE LA CLASIFICACIÓN DECIMAL UNIVERSAL
Número de la Clasificación Decimal Universal 94:7(32)
090 ## - LOCALMENTE ASIGNADO TIPO-LC NÚMERO DE CLASIFICACIÓN (OCLC); NÚMERO DE CLASIFICACIÓN LOCAL (RLIN)
Número cutter local (OCLC) ; Número de libro/Signatura topográfica íntegra, CALL (RLIN) BAI v.1
100 1# - ENTRADA PRINCIPAL--NOMBRE DE PERSONA
Nombre de persona Baines, John
9 (RLIN) 1149
245 ## - MENCIÓN DEL TÍTULO
Título Egipto :
Resto del título Dioses, templos y faraones : Volumen I /
Mención de responsabilidad, etc. John Baines y Jaromir Málek
264 ## - PRODUCCIÓN, PUBLICACIÓN, DISTRIBUCIÓN, FABRICACIÓN Y COPYRIGHT
Producción, publicación, distribución, fabricación y copyright Barcelona :
Nombre del de productor, editor, distribuidor, fabricante Folio,
Fecha de producción, publicación, distribución, fabricación o copyright 1993.
300 ## - DESCRIPCIÓN FÍSICA
Extensión 119 p. ;
Dimensiones 24x18 cm.
490 ## - MENCIÓN DE SERIE
Designación de volumen o secuencia Atlas culturales del mundo
650 #0 - PUNTO DE ACCESO ADICIONAL DE MATERIA--TÉRMINO DE MATERIA
Término de materia o nombre geográfico como elemento de entrada historia
9 (RLIN) 90
655 #0 - TERMINO DE INDIZACIÓN--GENERO/FORMA
Datos o término principal de género/forma arte
9 (RLIN) 138
942 ## - ELEMENTOS DE ENTRADA SECUNDARIOS (KOHA)
Fuente de la clasificación o esquema de estantería Clasificación decimal universal
Tipo de ítem Koha Libros
Suprimir en OPAC No
Holdings
Estatus retirado Estado de pérdida Fuente de la clasificación o esquema de estantería Estado de daño No para préstamo Biblioteca de origen Biblioteca actual Fecha de adquisición Fuente de adquisición Número de inventario Total de préstamos Signatura topográfica completa Información codificada de la localización en otra ubicación Colección Código de barras Visto por última vez Precio de reemplazo Tipo de ítem Koha
    Clasificación decimal universal     Biblioteca Julio Serebrinsky Biblioteca Julio Serebrinsky 29/04/2026 Donación 46607   94:7(32) BAI v.1 SER 46607 29/04/2026 29/04/2026 Libros